It looks like you're offline.
Open Library logo
additional options menu

MARC record from Internet Archive

LEADER: 01717cam 2200409Ia 4500
001 ocn870565287
003 OCoLC
005 20200915010118.0
008 140214s2014 oku e 000 1 eng d
040 $aYDXCP$beng$cYDXCP$dLE@$dOCLCO$dOCLCF$dOCLCQ$dS#L$dOCL$dOCLCO
020 $a1630631922$q(pbk.)
020 $a9781630631925$q(pbk.)
035 $a(OCoLC)870565287
082 4 $aFIC$bDEN
100 1 $aDenekas, Carol.
245 10 $aRescuing love /$cCarol Denekas.
260 $aMustang, Okla :$bTate Pub. and Enterprises,$c2014.
300 $a181 pages ;$c22 cm
336 $atext$btxt$2rdacontent
337 $aunmediated$bn$2rdamedia
338 $avolume$bnc$2rdacarrier
500 $aIncludes discussion starters.
520 $aOut of college, Emily McBride had her dream husband and thought she had it all; until tragedy strikes and their baby is lost along with Emily's memories of her husband and their life together. Grief-stricken and unable to cope with Emily's condition, Daniel is forced to send her back to live with her parents until one day, they meet again, as if for the first time.
650 0 $aAmnesia$vFiction.
650 0 $aGrief$vFiction.
650 7 $aAmnesia.$2fast$0(OCoLC)fst00807812
650 7 $aGrief.$2fast$0(OCoLC)fst00947883
655 7 $aRomance fiction.$2fast$0(OCoLC)fst01921732
655 7 $aReligious fiction.$2fast$0(OCoLC)fst01726718
655 7 $aFiction.$2fast$0(OCoLC)fst01423787
655 7 $aLove stories.$2gsafd
655 7 $aChristian fiction.$2gsafd
655 7 $aReligious fiction.$2lcgft
655 7 $aRomance fiction.$2lcgft
938 $aYBP Library Services$bYANK$n11651795
994 $aZ0$bP4A
948 $hNO HOLDINGS IN P4A - 8 OTHER HOLDINGS